000 01043nam a2200253 i 4500
001 152978
003 ES-MaACL
005 20240116185036.0
008 940301s1893 sp |||| | spa d
080 _a821.134.2-293"18"
080 _a929 Jovellanos, Melchor Gaspar de (0:82)
100 1 _aRodríguez Carracido, José,
_d1856-1928
_998407
245 1 0 _aJovellanos :
_bensayo dramático-histórico /
_cpor José R. Carracido.
260 _aMadrid :
_b[s.n.],
_c1893 (
_fImp. de Fortanet)
300 _a199 p., [1] h. de lám. ;
_c18 cm.
505 8 _aApéndice: Tentativa del general Sebastiani
530 _aDisponible en formato digital.
599 _aLám.: retr. de Jovellanos.
600 1 4 _aJovellanos, Gaspar Melchor de,
_d1744-1811-
_vTeatro
_9172981
700 1 _aSebastiani, Horace (
_d1772-1851)
_9172980
852 _aES-MaACL
_jF-10834
_z- Enc. hol., conservando cub. original
856 _uhttp://bdh-rd.bne.es/viewer.vm?id=0000211250&page=1
_zBiblioteca Digital Hispánica
999 _c152978
_d152978